[Event "11th PKWN Festival it"]
[Site "Lublin POL"]
[Date "1975.07.??"]
[Round "1"]
[White "Barczay, Laszlo"]
[WhiteElo "2445"]
[Black "Lechtynsky, Jiri"]
[BlackElo "2410"]
[Result "1/2-1/2"]
[EventDate "1975.07.15"]
[PlyCount "38"]

1.c4 e6 2.Nf3 f5 3.g3 Be7 4.Bg2 Nf6 5.O-O O-O 6.d3 d6 7.Nc3 e5 8.e3 Qe8 9.
Bd2 Nc6 10.Nd5 Bd8 11.Rc1 Qh5 12.Nh4 Qxd1 13.Rcxd1 a5 14.f4 Nxd5 15.Bxd5+
Kh8 16.Bc3 exf4 17.exf4 Nb4 18.a3 Nxd5 19.cxd5 Bd7 1/2-1/2

[Event "11th PKWN Festival it"]
[Site "Lublin POL"]
[Date "1975.07.??"]
[Round "1"]
[White "Bednarski, Jacek"]
[WhiteElo "2425"]
[Black "Peev, Peicho"]
[BlackElo "2425"]
[Result "1-0"]
[EventDate "1975.07.15"]
[PlyCount "67"]

1.e4 d6 2.d4 Nf6 3.Nc3 g6 4.f4 Bg7 5.Nf3 c5 6.Bb5+ Bd7 7.e5 Ng4 8.e6 Bxb5
9.exf7+ Kd7 10.Nxb5 Qa5+ 11.Nc3 cxd4 12.Nxd4 Bxd4 13.Qxd4 Nc6 14.Qc4 Rhf8
15.Bd2 Qf5 16.h3 Nh6 17.O-O-O Rac8 18.Rhe1 Qxf7 19.Nd5 e6 20.Nb4 Qf5 21.
Nd3 b5 22.Qc3 Qd5 23.Qg7+ Nf7 24.Bc3 Ke8 25.Kb1 Ncd8 26.Ne5 Qxg2 27.Ng4 b4
28.f5 Rxc3 29.bxc3 bxc3 30.Nf6+ Ke7 31.Nd5+ Kd7 32.fxe6+ Nxe6 33.Rxe6 Kxe6
34.Nf4+ 1-0

[Event "11th PKWN Festival it"]
[Site "Lublin POL"]
[Date "1975.07.??"]
[Round "1"]
[White "Espig, Lutz"]
[WhiteElo "2490"]
[Black "Kaplan, Julio"]
[BlackElo "2445"]
[Result "1/2-1/2"]
[EventDate "1975.07.15"]
[PlyCount "54"]

1.Nf3 Nf6 2.c4 g6 3.b4 Bg7 4.Bb2 O-O 5.e3 d6 6.Be2 e5 7.d4 exd4 8.Nxd4 Ne4
9.Nc3 Nxc3 10.Bxc3 Nd7 11.O-O Re8 12.Rc1 Nf6 13.Nb3 Qe7 14.Bf3 c5 15.bxc5
dxc5 16.Qe2 Bf5 17.Na5 Be4 18.Bxe4 Nxe4 19.Bxg7 Kxg7 20.Qb2+ Kg8 21.Qxb7
Qxb7 22.Nxb7 Rab8 23.Na5 Rb2 24.Ra1 Re6 25.Nb3 Ra6 26.f3 Nd2 27.Nxd2 Rxd2
1/2-1/2

[Event "11th PKWN Festival it"]
[Site "Lublin POL"]
[Date "1975.07.??"]
[Round "1"]
[White "Garcia Martinez, Silvino"]
[WhiteElo "2445"]
[Black "Kozlov, Vladimir"]
[BlackElo "2445"]
[Result "0-1"]
[EventDate "1975.07.15"]
[PlyCount "80"]

1.d4 Nf6 2.c4 e6 3.Nc3 Bb4 4.e3 c5 5.Bd3 Nc6 6.Nf3 O-O 7.O-O d5 8.a3 cxd4
9.exd4 dxc4 10.Bxc4 Bxc3 11.bxc3 Qa5 12.Qc2 e5 13.Be3 exd4 14.cxd4 Bg4 15.
Ng5 Rad8 16.d5 Ne5 17.Bb3 Rc8 18.Qa2 h6 19.Bd4 Ned7 20.Ne6 Rfe8 21.f3 Bf5
22.Nf4 Qc7 23.Qd2 Qd6 24.g4 Bh7 25.h4 Nb6 26.g5 hxg5 27.hxg5 Nfxd5 28.Nxd5
Nxd5 29.Bf2 Re5 30.Rae1 Bd3 31.Rxe5 Qxe5 32.Re1 Qf5 33.Rd1 Nf4 34.Bg3 Ne2+
35.Kf2 Rc3 36.Qe3 Rxb3 37.Qe8+ Kh7 38.Rh1+ Kg6 39.Qh8 Qc5+ 40.Kg2 Qxg5 0-1

[Event "11th PKWN Festival it"]
[Site "Lublin POL"]
[Date "1975.07.??"]
[Round "1"]
[White "Ogaard, Leif"]
[WhiteElo "2460"]
[Black "Maciejewski, Andrzej"]
[BlackElo "2380"]
[Result "1/2-1/2"]
[EventDate "1975.07.15"]
[PlyCount "108"]

1.d4 g6 2.c4 Bg7 3.Nc3 Nf6 4.e4 O-O 5.Be2 c5 6.Nf3 cxd4 7.Nxd4 d6 8.Be3
Nc6 9.O-O Nd7 10.Qd2 Nxd4 11.Bxd4 Bxd4 12.Qxd4 Qb6 13.Qd2 Nf6 14.Nd5 Nxd5
15.exd5 e5 16.dxe6 Bxe6 17.Rfd1 Rfd8 18.Rac1 a5 19.Rc3 Rac8 20.b3 a4 21.
Bf3 axb3 22.axb3 Qb4 23.Rd3 Qxd2 24.R1xd2 b5 25.cxb5 Rc1+ 26.Rd1 Rxd1+ 27.
Bxd1 d5 28.Rd4 Kf8 29.f4 Ke7 30.Kf2 Kd6 31.Be2 Ra8 32.Ra4 Rc8 33.b4 Rc2
34.Ra6+ Kd7 35.Ke1 Rb2 36.Ra4 Kc7 37.h4 Kb6 38.g3 Bf5 39.Ra6+ Kb7 40.Rf6
Be6 41.f5 gxf5 42.Bh5 Rb1+ 43.Kd2 Rb2+ 44.Kc1 Rg2 45.Bxf7 Bxf7 46.Rxf7+
Kb6 47.Rxf5 Kxb5 48.Rxd5+ Kxb4 49.Rg5 Kc3 50.Kd1 Kd3 51.Ke1 Ke4 52.Rg7 Kf3
53.Rxh7 Rxg3 54.Rf7+ Kg4 1/2-1/2

[Event "11th PKWN Festival it"]
[Site "Lublin POL"]
[Date "1975.07.??"]
[Round "1"]
[White "Stean, Michael Francis"]
[WhiteElo "2370"]
[Black "Panchenko, Alexander"]
[BlackElo "2435"]
[Result "1/2-1/2"]
[EventDate "1975.07.15"]
[PlyCount "36"]

1.e4 e6 2.d4 d5 3.Nc3 Nc6 4.Nf3 Nf6 5.Bg5 Be7 6.exd5 Nxd5 7.Bxe7 Qxe7 8.
Qd2 Nxc3 9.Qxc3 O-O 10.O-O-O Nb4 11.Qa3 b6 12.c3 Nd5 13.Qxe7 Nxe7 14.g3
Bb7 15.Bg2 Rad8 16.Nh4 Bd5 17.Bxd5 exd5 18.Rhe1 Rfe8 1/2-1/2

[Event "11th PKWN Festival it"]
[Site "Lublin POL"]
[Date "1975.07.??"]
[Round "1"]
[White "Szymczak, Zbigniew"]
[WhiteElo "2390"]
[Black "Hazai, Laszlo"]
[BlackElo "2420"]
[Result "0-1"]
[EventDate "1975.07.15"]
[PlyCount "78"]

1.Nf3 g6 2.c4 Bg7 3.d4 Nf6 4.g3 O-O 5.Bg2 d6 6.O-O Nbd7 7.Nc3 e5 8.e4 c6
9.h3 Qb6 10.Re1 a5 11.Rb1 exd4 12.Nxd4 Ng4 13.Nce2 Nge5 14.b3 Nxc4 15.Nc2
Nc5 16.Bg5 Ne5 17.Qxd6 Ned3 18.Be3 Rd8 19.Qe7 Bf8 20.Bxc5 Qxc5 21.Qxc5
Bxc5 22.Rf1 Nxf2 23.Rxf2 Rd2 24.Ned4 Bxd4 25.Nxd4 Rxd4 26.Re2 Be6 27.Kf2
Rad8 28.Rbb2 c5 29.Rec2 b6 30.Ke3 Kg7 31.Kf2 Kf6 32.Ke2 Ke5 33.Ke3 Bc8 34.
a3 Ba6 35.h4 R8d6 36.b4 axb4 37.axb4 cxb4 38.Bf3 Rd3+ 39.Kf2 Rf6 0-1

[Event "11th PKWN Festival it"]
[Site "Lublin POL"]
[Date "1975.07.??"]
[Round "2"]
[White "Hazai, Laszlo"]
[WhiteElo "2420"]
[Black "Panchenko, Alexander"]
[BlackElo "2435"]
[Result "0-1"]
[EventDate "1975.07.15"]
[PlyCount "112"]

1.e4 e6 2.d3 d5 3.Nd2 Nf6 4.Ngf3 Nc6 5.c3 a5 6.Qc2 e5 7.Be2 Be7 8.h3 O-O
9.g4 a4 10.Nf1 a3 11.b4 d4 12.b5 Na7 13.Rb1 c6 14.c4 cxb5 15.cxb5 Bd6 16.
N1d2 Be6 17.Nc4 Bxc4 18.Qxc4 Nc8 19.Bd2 Nb6 20.Qb3 Nfd7 21.Rc1 Nc5 22.Qb1
Nca4 23.Bd1 Nb2 24.Bb3 Qd7 25.Ke2 Qxb5 26.g5 Nd7 27.h4 Rac8 28.g6 Rxc1 29.
Bxc1 Nc5 30.Bxb2 axb2 31.Bc4 Qb4 32.gxf7+ Kh8 33.Nd2 b5 34.a3 Qxa3 35.Bxb5
Qb4 36.Bc4 Na4 37.Qc2 Nc3+ 38.Kf3 Rb8 39.Nb1 Qa4 40.Qxa4 Nxa4 41.Ke2 h5
42.Kd1 g6 43.f4 Nb6 44.Ba2 Rc8 45.fxe5 Bf8 46.Rf1 Rc1+ 47.Ke2 Na4 48.e6
Nc3+ 49.Nxc3 dxc3 50.e7 Bxe7 51.f8=Q+ Bxf8 52.Rxf8+ Kg7 53.Rf7+ Kh6 54.Rc7
Ra1 55.Bg8 g5 56.hxg5+ Kxg5 0-1

[Event "11th PKWN Festival it"]
[Site "Lublin POL"]
[Date "1975.07.??"]
[Round "2"]
[White "Kaplan, Julio"]
[WhiteElo "2445"]
[Black "Stean, Michael Francis"]
[BlackElo "2370"]
[Result "1/2-1/2"]
[EventDate "1975.07.15"]
[PlyCount "48"]

1.e4 c5 2.Nf3 d6 3.d4 cxd4 4.Nxd4 Nf6 5.Nc3 a6 6.Be2 Nbd7 7.O-O Nc5 8.Bf3
e6 9.Nb3 Nxb3 10.axb3 Rb8 11.Bf4 Qc7 12.Qd2 Nd7 13.Rfd1 Ne5 14.Be2 Be7 15.
Bg5 Bxg5 16.Qxg5 O-O 17.Rd4 b5 18.Qd2 Rb6 19.Rd1 Rd8 20.f4 Ng6 21.e5 d5
22.Ne4 b4 23.Nd6 a5 24.Bh5 Bd7 1/2-1/2

[Event "11th PKWN Festival it"]
[Site "Lublin POL"]
[Date "1975.07.??"]
[Round "2"]
[White "Kozlov, Vladimir"]
[WhiteElo "2445"]
[Black "Espig, Lutz"]
[BlackElo "2490"]
[Result "1/2-1/2"]
[EventDate "1975.07.15"]
[PlyCount "61"]

1.e4 c5 2.Nf3 e6 3.d4 cxd4 4.Nxd4 Nf6 5.Nc3 d6 6.g4 a6 7.g5 Nfd7 8.h4 b5
9.Bg2 Bb7 10.h5 Nc6 11.Nxc6 Bxc6 12.f4 Qb8 13.a3 a5 14.Qe2 Be7 15.O-O b4
16.axb4 axb4 17.Rxa8 Qxa8 18.Nb5 O-O 19.Nd4 Bb7 20.Re1 Bd8 21.Qf3 Bb6 22.
Be3 Nc5 23.Bf2 Nxe4 24.Rxe4 Qa1+ 25.Bf1 Qxb2 26.Qd3 Bxe4 27.Qxe4 Qc3 28.
Bd3 g6 29.h6 Qd2 30.Be2 e5 31.Nf3 1/2-1/2

[Event "11th PKWN Festival it"]
[Site "Lublin POL"]
[Date "1975.07.??"]
[Round "2"]
[White "Lechtynsky, Jiri"]
[WhiteElo "2410"]
[Black "Bednarski, Jacek"]
[BlackElo "2425"]
[Result "1/2-1/2"]
[EventDate "1975.07.15"]
[PlyCount "38"]

1.e4 e5 2.Nf3 Nf6 3.Nxe5 d6 4.Nf3 Nxe4 5.Nc3 Nf6 6.d4 Bf5 7.Bd3 Bxd3 8.
Qxd3 Nbd7 9.O-O Be7 10.Re1 O-O 11.Bf4 Re8 12.Re2 Nf8 13.d5 Ng6 14.Bd2 Qd7
15.Rae1 Bf8 16.h3 Rxe2 17.Rxe2 Re8 18.Rxe8 Qxe8 19.Qd4 a6 1/2-1/2

[Event "11th PKWN Festival it"]
[Site "Lublin POL"]
[Date "1975.07.??"]
[Round "2"]
[White "Maciejewski, Andrzej"]
[WhiteElo "2380"]
[Black "Barczay, Laszlo"]
[BlackElo "2445"]
[Result "0-1"]
[EventDate "1975.07.15"]
[PlyCount "81"]

1.e4 c5 2.d4 cxd4 3.c3 dxc3 4.Nxc3 Nc6 5.Nf3 d6 6.Bc4 e6 7.O-O Nge7 8.Ng5
h6 9.Qh5 g6 10.Qh3 Bg7 11.Nf3 d5 12.Rd1 e5 13.Qg3 d4 14.b4 a6 15.b5 axb5
16.Nxb5 Ra4 17.Bb3 Rb4 18.Na3 d3 19.Nc4 Be6 20.Nfxe5 Bxc4 21.Nxc4 Rxc4 22.
Bxc4 Bxa1 23.Rxd3 Qa5 24.Bd2 Qh5 25.Bb3 O-O 26.Be3 Qe2 27.Rd1 Be5 28.f4
Bg7 29.Re1 Qd3 30.e5 Nd4 31.Bxd4 Qxd4+ 32.Kh1 Kh7 33.Qf3 Nc6 34.h4 h5 35.
g4 hxg4 36.Qxg4 Bh6 37.e6 f5 38.Qe2 Qxf4 39.e7 Qxh4+ 40.Kg2 Qg5+ 41.Kf2
0-1

[Event "11th PKWN Festival it"]
[Site "Lublin POL"]
[Date "1975.07.??"]
[Round "2"]
[White "Peev, Peicho"]
[WhiteElo "2425"]
[Black "Garcia Martinez, Silvino"]
[BlackElo "2445"]
[Result "1-0"]
[EventDate "1975.07.15"]
[PlyCount "77"]

1.d4 Nf6 2.c4 e6 3.Nf3 b6 4.g3 Bb4+ 5.Nbd2 Ba6 6.Qc2 O-O 7.a3 Bxd2+ 8.Bxd2
c5 9.Bg2 Nc6 10.dxc5 bxc5 11.b4 Bb7 12.O-O cxb4 13.axb4 Ne7 14.Bc3 Qc7 15.
c5 d5 16.cxd6 Qxd6 17.Rfd1 Qc7 18.Qb2 Ned5 19.Bd4 Rfc8 20.Rdc1 Qe7 21.Bc5
Qe8 22.Rd1 Ne4 23.Bd4 f6 24.Ne1 Nb6 25.Qb1 Qg6 26.Bxb6 axb6 27.Rxa8 Bxa8
28.Qb3 Qe8 29.Qe3 Qa4 30.Rb1 Qc6 31.Nd3 Re8 32.Rc1 Qb7 33.b5 f5 34.Rc6 Nd6
35.Qe5 Ne4 36.Qd4 Ng5 37.Bf3 Qa7 38.Rd6 Bxf3 39.Rd7 1-0

[Event "11th PKWN Festival it"]
[Site "Lublin POL"]
[Date "1975.07.??"]
[Round "2"]
[White "Szymczak, Zbigniew"]
[WhiteElo "2390"]
[Black "Ogaard, Leif"]
[BlackElo "2460"]
[Result "1-0"]
[EventDate "1975.07.15"]
[PlyCount "117"]

1.d4 Nf6 2.c4 g6 3.Nc3 d5 4.Bf4 Bg7 5.e3 c5 6.dxc5 Qa5 7.Rc1 dxc4 8.Bxc4
O-O 9.Nf3 Nc6 10.O-O Qxc5 11.Bb3 Qa5 12.Qe2 Nh5 13.Bg5 Bg4 14.Bh4 g5 15.
Bg3 Nxg3 16.hxg3 Rad8 17.Qc4 Bf5 18.Rfd1 Bg6 19.Rxd8 Rxd8 20.Rd1 Rxd1+ 21.
Bxd1 h6 22.Bb3 e6 23.Ne1 Qd8 24.Qe2 Na5 25.Bc2 Bxc2 26.Nxc2 Qb6 27.Qb5
Qxb5 28.Nxb5 Bxb2 29.Nxa7 f5 30.Kf1 Kf7 31.Ke2 Ke7 32.Nb5 Kd7 33.Nb4 Nc6
34.Nd3 Bf6 35.Nc5+ Kc8 36.Nd6+ Kd8 37.Ncxb7+ Kd7 38.Nc4 Be7 39.Nba5 Nxa5
40.Nxa5 Kd6 41.Kd3 Kd5 42.Nb3 Ba3 43.Nd2 Kc5 44.e4 Bb4 45.Nf1 fxe4+ 46.
Kxe4 Be1 47.f3 h5 48.g4 hxg4 49.fxg4 Bc3 50.Ng3 Kb4 51.Ne2 Bf6 52.Nd4 e5
53.Nc6+ Ka3 54.Kf5 Bh8 55.Nxe5 Kxa2 56.Nf7 Ba1 57.Nxg5 Kb3 58.Ne6 Kc4 59.
g5 1-0

[Event "11th PKWN Festival it"]
[Site "Lublin POL"]
[Date "1975.07.??"]
[Round "3"]
[White "Barczay, Laszlo"]
[WhiteElo "2445"]
[Black "Szymczak, Zbigniew"]
[BlackElo "2390"]
[Result "1/2-1/2"]
[EventDate "1975.07.15"]
[PlyCount "45"]

1.c4 g6 2.g3 Bg7 3.Bg2 c5 4.Nc3 Nc6 5.d3 e6 6.e4 Nge7 7.Nge2 O-O 8.O-O a6
9.Be3 Nd4 10.Rb1 Nec6 11.a3 Rb8 12.b4 d6 13.Qd2 Bd7 14.Bf4 e5 15.Be3 Nxe2+
16.Nxe2 Nd4 17.f4 Bh6 18.bxc5 dxc5 19.fxe5 Bxe3+ 20.Qxe3 Nxe2+ 21.Qxe2 Qe7
22.e6 Bxe6 23.Rb6 1/2-1/2

[Event "11th PKWN Festival it"]
[Site "Lublin POL"]
[Date "1975.07.??"]
[Round "3"]
[White "Bednarski, Jacek"]
[WhiteElo "2425"]
[Black "Maciejewski, Andrzej"]
[BlackElo "2380"]
[Result "1/2-1/2"]
[EventDate "1975.07.15"]
[PlyCount "35"]

1.e4 g6 2.d4 c6 3.c3 Bg7 4.Nd2 d6 5.Bc4 Nf6 6.Bb3 O-O 7.Ngf3 a5 8.O-O b5
9.a4 e6 10.Re1 Nbd7 11.Bc2 Qc7 12.h3 Ba6 13.Bd3 Rfb8 14.Qe2 e5 15.Ra2 Nf8
16.axb5 Bxb5 17.Bxb5 cxb5 18.d5 1/2-1/2

[Event "11th PKWN Festival it"]
[Site "Lublin POL"]
[Date "1975.07.??"]
[Round "3"]
[White "Espig, Lutz"]
[WhiteElo "2490"]
[Black "Peev, Peicho"]
[BlackElo "2425"]
[Result "1/2-1/2"]
[EventDate "1975.07.15"]
[PlyCount "137"]

1.e4 d6 2.d4 Nf6 3.Nc3 g6 4.Nf3 c6 5.a4 a5 6.h3 Bg7 7.Be3 O-O 8.Qd2 Qc7 9.
Be2 Nbd7 10.O-O e5 11.dxe5 dxe5 12.Rfd1 Re8 13.Bc4 b6 14.Ng5 Re7 15.Qd6
Qxd6 16.Rxd6 Bb7 17.Rad1 Rf8 18.g4 h6 19.Nf3 Rc8 20.h4 Rc7 21.g5 hxg5 22.
hxg5 Ne8 23.R6d3 Bc8 24.Nh4 Kf8 25.Bc1 Bh8 26.Rh3 Kg7 27.Kg2 Nf8 28.Rh2
Kg8 29.Be3 Be6 30.Bd3 Rb7 31.Nb1 Red7 32.Na3 Nd6 33.Nf3 Bg7 34.Nd2 b5 35.
axb5 cxb5 36.Rhh1 a4 37.Bc5 b4 38.Nac4 Nxc4 39.Nxc4 Bxc4 40.Bxc4 Rxd1 41.
Rxd1 Rc7 42.Bxf8 Bxf8 43.Bd3 Be7 44.Ra1 Ra7 45.Kf3 Bxg5 46.Ke2 Be7 47.Kd2
Bc5 48.c3 bxc3+ 49.Kxc3 Bxf2 50.Bc2 Bd4+ 51.Kd2 Bxb2 52.Rxa4 Rc7 53.Bd3
Kg7 54.Ke2 Bd4 55.Rc4 Ra7 56.Rc6 Kh6 57.Rf6 Kg5 58.Rf3 Ra2+ 59.Kf1 Rd2 60.
Ke1 Rxd3 61.Rxd3 Kf4 62.Ke2 Kxe4 63.Rf3 f5 64.Rg3 f4 65.Rxg6 f3+ 66.Kf1
Ke3 67.Ra6 e4 68.Ra3+ Kd2 69.Rxf3 1/2-1/2

[Event "11th PKWN Festival it"]
[Site "Lublin POL"]
[Date "1975.07.??"]
[Round "3"]
[White "Garcia Martinez, Silvino"]
[WhiteElo "2445"]
[Black "Lechtynsky, Jiri"]
[BlackElo "2410"]
[Result "1/2-1/2"]
[EventDate "1975.07.15"]
[PlyCount "21"]

1.e4 c6 2.d4 d5 3.Nc3 dxe4 4.Nxe4 Nf6 5.Nxf6+ exf6 6.Bc4 Qe7+ 7.Qe2 Be6 8.
Bxe6 Qxe6 9.Qxe6+ fxe6 10.Be3 Na6 11.O-O-O 1/2-1/2

[Event "11th PKWN Festival it"]
[Site "Lublin POL"]
[Date "1975.07.??"]
[Round "3"]
[White "Ogaard, Leif"]
[WhiteElo "2460"]
[Black "Hazai, Laszlo"]
[BlackElo "2420"]
[Result "1-0"]
[EventDate "1975.07.15"]
[PlyCount "79"]

1.Nf3 g6 2.c4 Bg7 3.e4 d6 4.d4 Nf6 5.Nc3 O-O 6.Be2 e5 7.O-O Nc6 8.d5 Ne7
9.Nd2 c5 10.Rb1 Ne8 11.b4 b6 12.bxc5 bxc5 13.Nb3 f5 14.Bd2 Nf6 15.f3 g5
16.Bxg5 f4 17.Bh4 Ng6 18.Bf2 Nh5 19.Nxc5 dxc5 20.Bxc5 Rf7 21.Ba3 Nf8 22.c5
Ng3 23.Re1 Qh4 24.Bc4 Rf6 25.d6+ Be6 26.Bxe6+ Nxe6 27.Qd5 Raf8 28.c6 Rh6
29.h3 Kh8 30.d7 Rd8 31.Qa5 Rg8 32.c7 Nd4 33.d8=Q Nxf3+ 34.Kf2 Nxe4+ 35.
Kxf3 Qg3+ 36.Kxe4 Qxg2+ 37.Kd3 Qxh3+ 38.Kc2 Qf5+ 39.Kd2 Rh2+ 40.Re2 1-0

[Event "11th PKWN Festival it"]
[Site "Lublin POL"]
[Date "1975.07.??"]
[Round "3"]
[White "Panchenko, Alexander"]
[WhiteElo "2435"]
[Black "Kaplan, Julio"]
[BlackElo "2445"]
[Result "0-1"]
[EventDate "1975.07.15"]
[PlyCount "116"]

1.Nf3 Nf6 2.c4 g6 3.g3 Bg7 4.Bg2 O-O 5.O-O d6 6.d4 Nbd7 7.Nc3 e5 8.e3 Re8
9.b3 c6 10.Bb2 exd4 11.exd4 d5 12.cxd5 Nxd5 13.Nxd5 cxd5 14.Re1 Rxe1+ 15.
Qxe1 Nf6 16.Ne5 Be6 17.Qb4 Qb6 18.Qxb6 axb6 19.Nd3 Bh6 20.Bc1 Bxc1 21.Rxc1
Rxa2 22.Nf4 g5 23.Nxe6 fxe6 24.Rc8+ Kf7 25.Rc7+ Kg6 26.h3 h5 27.Rxb7 Rd2
28.Rxb6 Kf5 29.g4+ hxg4 30.hxg4+ Kf4 31.Rxe6 Rd1+ 32.Bf1 Ne4 33.Kg2 Rd2
34.Kg1 Rd1 35.Kg2 Rd2 36.Kg1 Nxf2 37.Re2 Rxe2 38.Bxe2 Ke3 39.Kf1 Ne4 40.
Ke1 Kxd4 41.b4 Nc3 42.Bf1 Ke3 43.b5 Na4 44.Be2 d4 45.Bd1 Nb6 46.Be2 Nd7
47.Bd1 Kd3 48.Kf2 Kd2 49.Bf3 d3 50.Bc6 Nb6 51.Bf3 Kc3 52.Bc6 Nc4 53.Bd5 d2
54.Bf3 Kc2 55.Be2 d1=Q 56.Bxd1+ Kxd1 57.Kf3 Nd6 58.Ke3 Nxb5 0-1

[Event "11th PKWN Festival it"]
[Site "Lublin POL"]
[Date "1975.07.??"]
[Round "3"]
[White "Stean, Michael Francis"]
[WhiteElo "2370"]
[Black "Kozlov, Vladimir"]
[BlackElo "2445"]
[Result "0-1"]
[EventDate "1975.07.15"]
[PlyCount "98"]

1.e4 c5 2.Nf3 Nc6 3.d4 cxd4 4.Nxd4 Nf6 5.Nc3 d6 6.Bc4 Qb6 7.Nb3 e6 8.O-O
Be7 9.Bg5 a6 10.Bxf6 gxf6 11.Kh1 Bd7 12.f4 h5 13.a4 Na5 14.Nxa5 Qxa5 15.
Qd3 Rc8 16.Bb3 h4 17.Qh3 Rc5 18.f5 exf5 19.Rae1 fxe4 20.Bxf7+ Kd8 21.Be6
Bxe6 22.Qxe6 h3 23.Rxe4 hxg2+ 24.Kxg2 Rg5+ 25.Kh1 Re5 26.Rxe5 Qxe5 27.Qxe5
dxe5 28.Nd5 Rh6 29.c4 Kd7 30.Rg1 Bd6 31.Rg7+ Kc6 32.Rf7 e4 33.Rxf6 Rxh2+
34.Kg1 Rxb2 35.Nc3 e3 36.Kf1 Kd7 37.Rf3 Bc5 38.Rf5 Bb4 39.Rd5+ Kc6 40.Ne2
Bc5 41.Rh5 Rb4 42.Rh6+ Kc7 43.Rh4 Rxa4 44.Nc3 Ra3 45.Nd5+ Kb8 46.Ke2 Ra2+
47.Kd3 Rd2+ 48.Kc3 Bd4+ 49.Kb3 e2 0-1

[Event "11th PKWN Festival it"]
[Site "Lublin POL"]
[Date "1975.07.??"]
[Round "4"]
[White "Hazai, Laszlo"]
[WhiteElo "2420"]
[Black "Kaplan, Julio"]
[BlackElo "2445"]
[Result "1/2-1/2"]
[EventDate "1975.07.15"]
[PlyCount "29"]

1.e4 e5 2.Nf3 Nc6 3.Bb5 Nf6 4.O-O Nxe4 5.d4 a6 6.Bxc6 dxc6 7.Re1 Nf6 8.
Nxe5 Be7 9.Qe2 Be6 10.Nc3 O-O 11.Nxf7 Rxf7 12.Qxe6 Qxd4 13.Bg5 Ng4 14.Be3
Nxe3 15.Qxe3 1/2-1/2

[Event "11th PKWN Festival it"]
[Site "Lublin POL"]
[Date "1975.07.??"]
[Round "4"]
[White "Kozlov, Vladimir"]
[WhiteElo "2445"]
[Black "Panchenko, Alexander"]
[BlackElo "2435"]
[Result "1-0"]
[EventDate "1975.07.15"]
[PlyCount "69"]

1.e4 e6 2.Nc3 c5 3.Nf3 Nc6 4.d4 cxd4 5.Nxd4 Nf6 6.Ndb5 d6 7.Bf4 e5 8.Bg5
a6 9.Bxf6 gxf6 10.Na3 b5 11.Nd5 f5 12.Bd3 Be6 13.Qh5 Bg7 14.c3 O-O 15.exf5
Bxd5 16.f6 e4 17.fxg7 Re8 18.Be2 Re5 19.Qh6 Ne7 20.Nc2 Nf5 21.Qf4 Nh4 22.
Ne3 Be6 23.O-O f5 24.Bh5 Kxg7 25.a4 b4 26.cxb4 Qe7 27.Rac1 Ng6 28.Bxg6
hxg6 29.h4 g5 30.hxg5 Kg6 31.Rc6 Rh8 32.Rd1 Qh7 33.Kf1 Qh1+ 34.Ke2 Qh5+
35.g4 1-0

[Event "11th PKWN Festival it"]
[Site "Lublin POL"]
[Date "1975.07.??"]
[Round "4"]
[White "Lechtynsky, Jiri"]
[WhiteElo "2410"]
[Black "Espig, Lutz"]
[BlackElo "2490"]
[Result "1/2-1/2"]
[EventDate "1975.07.15"]
[PlyCount "34"]

1.Nf3 d5 2.g3 c5 3.Bg2 Nc6 4.c4 e6 5.O-O Nf6 6.d4 Be7 7.cxd5 exd5 8.Nc3
O-O 9.Bg5 Be6 10.dxc5 Bxc5 11.Bxf6 Qxf6 12.Nxd5 Qxb2 13.Nc7 Rad8 14.Qc1
Qxc1 15.Raxc1 b6 16.Nxe6 fxe6 17.e3 h6 1/2-1/2

[Event "11th PKWN Festival it"]
[Site "Lublin POL"]
[Date "1975.07.??"]
[Round "4"]
[White "Maciejewski, Andrzej"]
[WhiteElo "2380"]
[Black "Garcia Martinez, Silvino"]
[BlackElo "2445"]
[Result "1/2-1/2"]
[EventDate "1975.07.15"]
[PlyCount "60"]

1.e4 c5 2.d4 cxd4 3.c3 d3 4.Bxd3 Nc6 5.c4 d6 6.Nc3 Nf6 7.h3 e6 8.Nf3 Be7
9.O-O O-O 10.Be3 b6 11.Rc1 Bb7 12.b3 Nd7 13.Bb1 a6 14.Nh2 Rb8 15.f4 Ba8
16.Qe2 Re8 17.Rcd1 Qc7 18.Ng4 Bf8 19.Qf2 b5 20.Qg3 Kh8 21.cxb5 axb5 22.Ne2
Nc5 23.e5 Nb4 24.Bxh7 Kxh7 25.Qh4+ Kg8 26.Nf6+ gxf6 27.Qg4+ Kh7 28.Qh5+
Kg8 29.Qg4+ Kh7 30.Qh5+ Kg8 1/2-1/2

[Event "11th PKWN Festival it"]
[Site "Lublin POL"]
[Date "1975.07.??"]
[Round "4"]
[White "Ogaard, Leif"]
[WhiteElo "2460"]
[Black "Barczay, Laszlo"]
[BlackElo "2445"]
[Result "0-1"]
[EventDate "1975.07.15"]
[PlyCount "46"]

1.c4 e6 2.Nc3 d5 3.d4 c6 4.e3 Nf6 5.Nf3 Nbd7 6.Bd3 dxc4 7.Bxc4 b5 8.Bd3
Bb7 9.e4 b4 10.Na4 c5 11.e5 Nd5 12.O-O cxd4 13.Re1 Qa5 14.Nxd4 O-O-O 15.
Qc2+ Kb8 16.Nc6+ Bxc6 17.Qxc6 N7b6 18.Nxb6 Qxb6 19.Qc2 Bc5 20.Re2 b3 21.
Qc4 Nb4 22.Rd2 Rd4 23.Qxb3 Rhd8 0-1

[Event "11th PKWN Festival it"]
[Site "Lublin POL"]
[Date "1975.07.??"]
[Round "4"]
[White "Peev, Peicho"]
[WhiteElo "2425"]
[Black "Stean, Michael Francis"]
[BlackElo "2370"]
[Result "1/2-1/2"]
[EventDate "1975.07.15"]
[PlyCount "83"]

1.d4 Nf6 2.c4 g6 3.Nc3 d5 4.cxd5 Nxd5 5.e4 Nxc3 6.bxc3 Bg7 7.Bb5+ c6 8.Ba4
O-O 9.Ne2 c5 10.O-O cxd4 11.cxd4 Bg4 12.f3 Be6 13.Be3 Bc4 14.Rf2 Nd7 15.
Rc1 Nb6 16.Bb3 Rc8 17.d5 Qd6 18.Rb1 Bxb3 19.axb3 Qb4 20.Bd4 Rfd8 21.Bxg7
Kxg7 22.Nd4 e6 23.f4 Nxd5 24.exd5 Rxd5 25.Nxe6+ fxe6 26.Qe2 Rc6 27.Qb2+
Qc3 28.Qa3 Qc5 29.b4 Qd4 30.b5 Rcd6 31.h3 Rc5 32.Rb4 Qc3 33.Qxc3+ Rxc3 34.
Ra2 h5 35.Rbb2 Rb6 36.Rxa7 Rc5 37.Ra5 h4 38.Kf2 Kf6 39.Ke3 Kf5 40.Ra8 Kf6
41.Rf8+ Kg7 42.Re8 1/2-1/2

[Event "11th PKWN Festival it"]
[Site "Lublin POL"]
[Date "1975.07.??"]
[Round "4"]
[White "Szymczak, Zbigniew"]
[WhiteElo "2390"]
[Black "Bednarski, Jacek"]
[BlackElo "2425"]
[Result "1/2-1/2"]
[EventDate "1975.07.15"]
[PlyCount "34"]

1.Nf3 d5 2.d4 c6 3.c4 e6 4.e3 Bd6 5.Bd3 f5 6.O-O Nh6 7.Ne5 O-O 8.f4 Nd7 9.
b3 Qh4 10.Nd2 Nxe5 11.fxe5 Bb4 12.Nf3 Qd8 13.Bd2 Be7 14.b4 Bd7 15.Ne1 Kh8
16.a4 a6 17.Qb3 Rg8 1/2-1/2

[Event "11th PKWN Festival it"]
[Site "Lublin POL"]
[Date "1975.07.??"]
[Round "5"]
[White "Barczay, Laszlo"]
[WhiteElo "2445"]
[Black "Hazai, Laszlo"]
[BlackElo "2420"]
[Result "1/2-1/2"]
[EventDate "1975.07.15"]
[PlyCount "27"]

1.c4 g6 2.g3 Bg7 3.Bg2 e5 4.Nc3 d6 5.d3 Nc6 6.e3 Be6 7.Nge2 Qd7 8.Qa4 h5
9.h4 Nh6 10.Ne4 f6 11.N2c3 O-O 12.O-O Bh3 13.Nd5 Bxg2 14.Kxg2 1/2-1/2

[Event "11th PKWN Festival it"]
[Site "Lublin POL"]
[Date "1975.07.??"]
[Round "5"]
[White "Bednarski, Jacek"]
[WhiteElo "2425"]
[Black "Ogaard, Leif"]
[BlackElo "2460"]
[Result "1/2-1/2"]
[EventDate "1975.07.15"]
[PlyCount "30"]

1.e4 c5 2.Nf3 e6 3.d4 cxd4 4.Nxd4 Nc6 5.Nb5 d6 6.c4 Nf6 7.N5c3 Be7 8.Be2
O-O 9.O-O b6 10.Bf4 Bb7 11.Nd2 Nd7 12.Rc1 Nd4 13.Bd3 Ne5 14.Bb1 Bf6 15.Be3
Nec6 1/2-1/2

[Event "11th PKWN Festival it"]
[Site "Lublin POL"]
[Date "1975.07.??"]
[Round "5"]
[White "Espig, Lutz"]
[WhiteElo "2490"]
[Black "Maciejewski, Andrzej"]
[BlackElo "2380"]
[Result "0-1"]
[EventDate "1975.07.15"]
[PlyCount "82"]

1.e4 d6 2.d4 Nf6 3.Nc3 g6 4.f3 c6 5.Be3 Nbd7 6.Qd2 b5 7.Nge2 Bg7 8.g4 b4
9.Nd1 e5 10.c3 bxc3 11.Ndxc3 O-O 12.Ng3 exd4 13.Bxd4 c5 14.Be3 Ne5 15.Be2
Ba6 16.f4 Nc4 17.Bxc4 Bxc4 18.h3 Rb8 19.Rc1 Re8 20.b3 Ba6 21.Kf2 Bb7 22.
Rhd1 Nxe4+ 23.Ncxe4 Bxe4 24.Nxe4 Rxe4 25.Kf3 Qe7 26.Bf2 Bd4 27.Bxd4 cxd4
28.Re1 d5 29.Kf2 Qh4+ 30.Kg2 Rbe8 31.Rxe4 dxe4 32.Qxd4 e3 33.Qd7 Qf2+ 34.
Kh1 Qf3+ 35.Kg1 Qg3+ 36.Kh1 Qxh3+ 37.Kg1 Qg3+ 38.Kh1 Qf3+ 39.Kg1 Qf2+ 40.
Kh1 Rf8 41.Rc8 Qf1+ 0-1

[Event "11th PKWN Festival it"]
[Site "Lublin POL"]
[Date "1975.07.??"]
[Round "5"]
[White "Garcia Martinez, Silvino"]
[WhiteElo "2445"]
[Black "Szymczak, Zbigniew"]
[BlackElo "2390"]
[Result "1/2-1/2"]
[EventDate "1975.07.15"]
[PlyCount "31"]

1.e4 e6 2.d4 d5 3.Nd2 c5 4.exd5 exd5 5.Bb5+ Nc6 6.Ngf3 Bd6 7.O-O cxd4 8.
Nb3 Ne7 9.Nfxd4 O-O 10.c3 Qc7 11.h3 Rd8 12.Bd3 a6 13.Qh5 g6 14.Qh4 Nxd4
15.Nxd4 Nc6 16.Bg5 1/2-1/2

[Event "11th PKWN Festival it"]
[Site "Lublin POL"]
[Date "1975.07.??"]
[Round "5"]
[White "Kaplan, Julio"]
[WhiteElo "2445"]
[Black "Kozlov, Vladimir"]
[BlackElo "2445"]
[Result "1/2-1/2"]
[EventDate "1975.07.15"]
[PlyCount "54"]

1.Nf3 g6 2.e4 Bg7 3.d4 c5 4.d5 d6 5.c4 Nf6 6.Nc3 O-O 7.h3 e6 8.Bd3 Nbd7 9.
O-O e5 10.Bg5 h6 11.Be3 Nh5 12.Qd2 g5 13.g3 Qf6 14.Qd1 Nb6 15.Kh2 Qg6 16.
Rg1 f5 17.exf5 Bxf5 18.Bxf5 Qxf5 19.Nd2 Nf4 20.Qg4 Qg6 21.h4 Rf5 22.Nce4
Raf8 23.hxg5 hxg5 24.gxf4 exf4 25.Nxg5 fxe3 26.fxe3 Nd7 27.Nde4 Nf6
1/2-1/2